| 000 | 00787nam a22001937a 4500 | ||
|---|---|---|---|
| 005 | 20251108164816.0 | ||
| 008 | 250721s1990 xx 000 0 ara d | ||
| 082 | 1 | 4 | _a370.962/فؤا |
| 100 | 1 | _aمتولي، فؤاد بسيوني | |
| 245 | 1 | 0 |
_aالتربية و المشكلة الإقتصادية : _bرؤية عصرية لبعض مشكلات المجتمع و علاقتها بالتربية : ملحق دعائم إستراتيجية ... / |
| 264 | 1 |
_aالإسكندرية : _bدار المعرفة الجامعية، _c1990. |
|
| 300 | _a142ص | ||
| 490 | 0 | _aالمكتبة التربوية : التربية ومشكلات المجتمع ؛ 2 | |
| 650 | 1 | 7 | _aالتربية |
| 650 | 1 | 7 | _aمصر |
| 650 | 1 | 7 | _aتاريخ التربية |
| 942 |
_2ddc _cBK |
||
| 999 |
_c14884 _d14884 |
||